=LDR 00000nam 2200000 4500 =001 INLIS000000000006648 =005 20130612094749 =008 ***********************************Ind** =035 ##$$0010-061300000006648 =041 ##$$a Ind =082 ##$$a 005.369 =090 ##$$a 005.369, Mar k =100 ##$$a Margunadi, AR =245 ##$$a Kreasi dokumen dengan word perpect 5.1, AR. Margunadi =260 ##$$a 1992 $b Jakarta =300 ##$$a viii, 244 hlm., 21 cm =650 ##$$a Komputer =850 ##$$a NBPNMAT